000 00391nam a2200109Ia 4500
008 221009s9999 xx 000 0 und d
082 _a363
100 _aउपकार
_973042
245 0 _aमध्‍य प्रदेश पुलिस आरक्षक भर्ती परीक्षा 54 सॉल्‍वड पेपर्स 2017
260 _bउपकार
942 _cBK
999 _c65122
_d65122